Match The Villain to the Horror Movie - Statistics

General Stats
  • This quiz has been taken 54 times
  • The average score is 18 of 22
Answer Stats
Hint Answer % Correct
Count Dracula Dracula
98%
Carrie White Carrie
96%
Pennywise IT
96%
Ghostface Scream
96%
Chucky Child's Play
93%
Beetlejuice Beetlejuice
91%
Freddy Krueger Nightmare on Elm Street
91%
Jigsaw Saw
91%
Leatherface Texas Chainsaw Massascare
91%
Michael Myers Halloween
89%
Hannibal Lecter The Silence of the Lambs
89%
Jason Voorhees Friday the 13th
87%
Xenomorph Alien
84%
Norman Bates Psycho
84%
Pinhead Hellraiser
82%
Jack Torrance The Shining
78%
Samara Morgan The Ring
71%
Annie Wilkes Misery
67%
Bruce Jaws
62%
Griffin The Invisible Man
47%
Daniel Robitaille Candyman
42%
Sammi Curr Trick or Treat
40%
No matching quizzes found
Score Distribution
Percent of People with Each Score
Percentile by Number Answered
Your Score History
You have not taken this quiz